[Event "CAN-ch"]
[Site "Richmond CAN"]
[Date "2002.03.27"]
[Round "7.14"]
[White "Yousefzadeh, Mehrdad"]
[Black "Wu, Howard"]
[Result "0-1"]
[WhiteElo "2024"]
[BlackElo "2230"]
[PlyCount "122"]
[EventDate "2002.03.21"]
[EventType "swiss"]
[EventRounds "11"]
[EventCountry "CAN"]

1. d4 Nf6 2. c4 c5 3. Nf3 cxd4 4. Nxd4 Nc6 5. Nc3 g6 6. Bg5 Bg7 7. e3 O-O 8.
Be2 d6 9. O-O Re8 10. Bf3 Ne5 11. Be2 Bd7 12. Nd5 Ne4 13. Bf4 e6 14. Nb4 a5 15.
Nbc2 Rc8 16. Bxe5 Bxe5 17. f4 Bg7 18. Rb1 e5 19. fxe5 dxe5 20. Nf3 Be6 21. Qxd8
Rexd8 22. Rbd1 Rxd1 23. Rxd1 Bxc4 24. Bxc4 Rxc4 25. Rd8+ Bf8 26. Nce1 f6 27.
Kf1 Rc7 28. Ke2 Kf7 29. Kd3 Nc5+ 30. Ke2 h5 31. h3 Ne6 32. Rd5 b6 33. a3 Bc5
34. Nd2 Ng7 35. e4 Ne6 36. g3 h4 37. Kf3 hxg3 38. Kxg3 Nf4 39. Rd8 Bd4 40. b3
Ke7 41. Rh8 Rc3+ 42. Nef3 Bc5 43. a4 Ne2+ 44. Kg4 Be3 45. Rb8 Ke6 46. Nc4 f5+
47. exf5+ gxf5+ 48. Kh5 Nf4+ 49. Kh6 Nd5+ 50. Ng5+ Bxg5+ 51. Kxg5 Rg3+ 52. Kh4
Rxb3 53. Re8+ Kf6 54. Rf8+ Kg7 55. Rxf5 Rb4 56. Rg5+ Kf6 57. Rg4 Nf4 58. Ne3
Rb3 59. Rg3 Rxe3 60. Rg5 Rxh3+ 61. Kg4 Rg3+ 0-1

[Event "CAN-ch"]
[Site "Richmond CAN"]
[Date "2002.03.??"]
[Round "7.15"]
[White "Leblanc, Paul"]
[Black "Sokourinski, Sergei"]
[Result "0-1"]
[WhiteElo "2085"]
[BlackElo "2266"]
[PlyCount "46"]
[EventDate "2002.03.21"]
[EventType "swiss"]
[EventRounds "11"]
[EventCountry "CAN"]

1. d4 d5 2. Nf3 Bf5 3. c3 e6 4. Qb3 Qc8 5. Bf4 Nf6 6. Nbd2 Nbd7 7. e3 Be7 8.
Be2 h6 9. c4 dxc4 10. Nxc4 Nd5 11. Bg3 Bb4+ 12. Ncd2 a5 13. O-O a4 14. Qd1 a3
15. b3 Nc3 16. Qe1 O-O 17. Nb1 Bxb1 18. Rxb1 Nxa2 19. Nd2 Nc3 20. Rc1 Ne4 21.
Rxc7 Qd8 22. Rc2 Nxd2 23. Rxd2 a2 0-1

[Event "CAN-ch"]
[Site "Richmond CAN"]
[Date "2002.03.27"]
[Round "7.16"]
[White "Sladek, Vaclav"]
[Black "Patterson, Roger"]
[Result "1/2-1/2"]
[WhiteElo "2085"]
[BlackElo "2214"]
[PlyCount "42"]
[EventDate "2002.03.21"]
[EventType "swiss"]
[EventRounds "11"]
[EventCountry "CAN"]

1. d4 Nf6 2. Bg5 e6 3. e4 h6 4. Bxf6 Qxf6 5. c3 d6 6. Nd2 Nd7 7. Bd3 Qd8 8. f4
Be7 9. Ngf3 c5 10. O-O O-O 11. e5 Qc7 12. Qe2 Rd8 13. f5 exf5 14. e6 Nf8 15.
exf7+ Kxf7 16. Nh4 Bxh4 17. Qh5+ Kg8 18. Qxh4 Re8 19. Bxf5 Qe7 20. Qxe7 Rxe7
21. Bxc8 Rxc8 1/2-1/2

[Event "CAN-ch"]
[Site "Richmond CAN"]
[Date "2002.03.27"]
[Round "7.17"]
[White "Salcedo, Daniel"]
[Black "Bogle, Bill"]
[Result "1/2-1/2"]
[WhiteElo "2158"]
[BlackElo "2164"]
[PlyCount "54"]
[EventDate "2002.03.21"]
[EventType "swiss"]
[EventRounds "11"]
[EventCountry "CAN"]

1. d4 Nf6 2. c4 e6 3. Nc3 d5 4. Bg5 Nbd7 5. e3 c6 6. Nf3 Qa5 7. Nd2 Bb4 8. Qc2
e5 9. Bxf6 Nxf6 10. dxe5 Ne4 11. Ndxe4 dxe4 12. a3 Bxc3+ 13. Qxc3 Qxc3+ 14.
bxc3 O-O 15. f4 exf3 16. gxf3 Re8 17. Rd1 Bf5 18. f4 f6 19. Bd3 Bxd3 20. Rxd3
fxe5 21. f5 Rad8 22. Ke2 Kf7 23. e4 Rxd3 24. Kxd3 Kf6 25. a4 Re7 26. a5 a6 27.
Ke3 Rd7 1/2-1/2

[Event "CAN-ch"]
[Site "Richmond CAN"]
[Date "2002.03.27"]
[Round "7.18"]
[White "Hladek, David"]
[Black "Mayo, Alvah"]
[Result "1-0"]
[WhiteElo "2063"]
[BlackElo "2154"]
[PlyCount "91"]
[EventDate "2002.03.21"]
[EventType "swiss"]
[EventRounds "11"]
[EventCountry "CAN"]

1. Nf3 f5 2. e4 e5 3. d4 fxe4 4. Nxe5 Nf6 5. Be2 d6 6. Nc4 d5 7. Ne5 Bd6 8. Bg5
Nbd7 9. f4 exf3 10. Nxf3 O-O 11. O-O h6 12. Bh4 c6 13. Nbd2 Qc7 14. h3 b6 15.
c3 Bb7 16. Qc2 Rae8 17. Bd3 c5 18. Bg6 Rc8 19. Rae1 Bc6 20. Qf5 Kh8 21. Qe6 Ne4
22. Nxe4 dxe4 23. Bxe4 Rce8 24. Qg6 Rxe4 25. Rxe4 cxd4 26. cxd4 Bb5 27. Rg4 Nf6
28. Bxf6 Rxf6 29. Qb1 Qf7 30. Rf2 Bd7 31. Qe4 Bf5 32. Qa8+ Kh7 33. Ne5 Qxa2 34.
Rgf4 Qa1+ 35. Kh2 Qb1 36. Qf3 Be4 37. Qe2 Bf5 38. Rf1 Bg6 39. Rxb1 Rxf4 40. Rd1
Re4 41. Qf3 Rxd4 42. Rxd4 Bxe5+ 43. Rf4 a5 44. g3 Bxb2 45. Qb3 Bc1 46. Rf8 1-0

[Event "CAN-ch"]
[Site "Richmond CAN"]
[Date "2002.03.28"]
[Round "8.3"]
[White "Spraggett, Kevin"]
[Black "Herder, David"]
[Result "1-0"]
[WhiteElo "2629"]
[BlackElo "2273"]
[PlyCount "61"]
[EventDate "2002.03.21"]
[EventType "swiss"]
[EventRounds "11"]
[EventCountry "CAN"]

1. e4 e6 2. d4 d5 3. Nc3 Nf6 4. e5 Nfd7 5. f4 c5 6. Nf3 Nc6 7. Ne2 b5 8. a3 g6
9. c3 b4 10. dxc5 bxc3 11. b4 a5 12. b5 Na7 13. c6 Nxb5 14. cxd7+ Bxd7 15. a4
Bb4 16. Qd3 Nc7 17. Nxc3 Na6 18. Bd2 Nc5 19. Qb1 Bxc3 20. Bxc3 Nxa4 21. Bd4 Rb8
22. Qc2 Rb4 23. Bd3 O-O 24. O-O Qb8 25. Qd2 Bb5 26. Bxb5 Qxb5 27. f5 exf5 28.
Qh6 Qb7 29. Ng5 f6 30. exf6 Rxd4 31. Ne6 1-0

[Event "CAN-ch"]
[Site "Richmond CAN"]
[Date "2002.03.28"]
[Round "8.5"]
[White "Neven, Knut"]
[Black "Cummings, David"]
[Result "1/2-1/2"]
[WhiteElo "2309"]
[BlackElo "2490"]
[PlyCount "65"]
[EventDate "2002.03.21"]
[EventType "swiss"]
[EventRounds "11"]
[EventCountry "CAN"]

1. d4 Nf6 2. c4 e6 3. Nc3 Bb4 4. f3 d5 5. a3 Bxc3+ 6. bxc3 c5 7. cxd5 Nxd5 8.
Qd3 b6 9. e4 Ba6 10. c4 Ne7 11. dxc5 Qxd3 12. Bxd3 Nd7 13. cxb6 axb6 14. Be3
O-O 15. Nh3 Ne5 16. Be2 Bxc4 17. Bxb6 Rfb8 18. Bd4 N7c6 19. Bxe5 Nxe5 20. Bxc4
Nxc4 21. O-O Rxa3 22. Rxa3 Nxa3 23. Rc1 h6 24. Nf2 Rb3 25. Nd1 Rd3 26. Nf2 Rd8
27. Kf1 Rd2 28. Rc3 Ra2 29. Rc8+ Kh7 30. Ra8 f6 31. h4 h5 32. g3 e5 33. Kg2
1/2-1/2

[Event "CAN-ch"]
[Site "Richmond CAN"]
[Date "2002.03.28"]
[Round "8.6"]
[White "McLaren, Brian"]
[Black "Ross, Dave"]
[Result "1/2-1/2"]
[WhiteElo "2290"]
[BlackElo "2397"]
[PlyCount "34"]
[EventDate "2002.03.21"]
[EventType "swiss"]
[EventRounds "11"]
[EventCountry "CAN"]

1. e4 c5 2. Nc3 e6 3. Nge2 a6 4. g3 b5 5. Bg2 Bb7 6. O-O d6 7. d4 cxd4 8. Nxd4
Nf6 9. Re1 e5 10. Nf5 g6 11. Ne3 Nbd7 12. Ncd5 Nb6 13. Nxf6+ Qxf6 14. c4 Qd8
15. Bd2 Qd7 16. Rc1 Be7 17. Ba5 Nxc4 1/2-1/2

[Event "CAN-ch"]
[Site "Richmond CAN"]
[Date "2002.03.28"]
[Round "8.7"]
[White "Reeve, Jeff"]
[Black "Zubac, Marius"]
[Result "1-0"]
[WhiteElo "2348"]
[BlackElo "2231"]
[PlyCount "85"]
[EventDate "2002.03.21"]
[EventType "swiss"]
[EventRounds "11"]
[EventCountry "CAN"]

1. e4 c5 2. Nf3 Nc6 3. d4 cxd4 4. Nxd4 Nf6 5. Nc3 e5 6. Ndb5 d6 7. Bg5 a6 8.
Na3 b5 9. Nd5 Be7 10. Bxf6 Bxf6 11. c3 O-O 12. Nc2 Rb8 13. h4 a5 14. Nce3 Kh8
15. Qf3 Be7 16. Bd3 Be6 17. Nf5 Bf6 18. O-O-O b4 19. Bc2 bxc3 20. bxc3 Bxd5 21.
Rxd5 Qb6 22. Rxd6 Qb2+ 23. Kd2 Rbd8 24. Rd5 Rxd5+ 25. exd5 e4 26. Qxe4 Bxc3+
27. Ke2 Nb4 28. Ne3 f5 29. Qe7 Rg8 30. Rb1 Qxa2 31. Rc1 Bb2 32. Bb1 Qa4 33. Rd1
Qb5+ 34. Kf3 Re8 35. Qg5 g6 36. h5 f4 37. Qxf4 Qc5 38. hxg6 Rf8 39. Nf5 Nxd5
40. Qh6 Qc3+ 41. Kg4 Qc4+ 42. Rd4 Qe2+ 43. Kh3 1-0

[Event "CAN-ch"]
[Site "Richmond CAN"]
[Date "2002.03.28"]
[Round "8.8"]
[White "Wu, Howard"]
[Black "Berry, Jonathan"]
[Result "1/2-1/2"]
[WhiteElo "2230"]
[BlackElo "2379"]
[PlyCount "82"]
[EventDate "2002.03.21"]
[EventType "swiss"]
[EventRounds "11"]
[EventCountry "CAN"]

1. e4 d6 2. d4 c6 3. Nf3 Qc7 4. c4 e5 5. Nc3 Nf6 6. Be2 Be7 7. O-O O-O 8. h3
Re8 9. Be3 Nbd7 10. d5 c5 11. Ne1 Nf8 12. a3 Ng6 13. Nd3 h6 14. Qc2 b6 15. b4
Nd7 16. bxc5 bxc5 17. Rab1 a6 18. Bg4 Qd8 19. Na4 Bg5 20. Bxd7 Bxd7 21. Nb6 Rb8
22. Nxd7 Qxd7 23. Bxg5 hxg5 24. a4 g4 25. hxg4 Qxg4 26. f3 Qg5 27. a5 Qe3+ 28.
Nf2 Nf4 29. Rfe1 Ne2+ 30. Kf1 Nd4 31. Rxe3 Nxc2 32. Reb3 Ne3+ 33. Ke2 Rxb3 34.
Rxb3 Nxc4 35. Kd3 Nxa5 36. Rb6 Rd8 37. Ng4 Kf8 38. Ne3 g6 39. Kc3 Ke7 40. Rxa6
Nb7 41. Nc4 Kd7 1/2-1/2

[Event "CAN-ch"]
[Site "Richmond CAN"]
[Date "2002.03.28"]
[Round "8.9"]
[White "Gardner, Robert"]
[Black "Ristovic, Nenad"]
[Result "1-0"]
[WhiteElo "2268"]
[BlackElo "2346"]
[PlyCount "49"]
[EventDate "2002.03.21"]
[EventType "swiss"]
[EventRounds "11"]
[EventCountry "CAN"]

1. e4 e6 2. d4 d5 3. Nc3 Nf6 4. e5 Nfd7 5. Nce2 c5 6. c3 b5 7. f4 Qb6 8. Nf3
Nc6 9. g3 a5 10. Bg2 b4 11. f5 cxd4 12. fxe6 fxe6 13. cxd4 Be7 14. Nf4 Nf8 15.
O-O Ba6 16. Rf2 Kd7 17. Bh3 h5 18. Nxd5 Qb5 19. Nxe7 Nxe7 20. Ng5 h4 21. Qf3
Bb7 22. Qg4 hxg3 23. hxg3 Qd5 24. Bg2 Rh1+ 25. Kxh1 1-0

[Event "CAN-ch"]
[Site "Richmond CAN"]
[Date "2002.03.28"]
[Round "8.11"]
[White "Huber, Greg"]
[Black "Haessel, Dale"]
[Result "1-0"]
[WhiteElo "2303"]
[BlackElo "2263"]
[PlyCount "111"]
[EventDate "2002.03.21"]
[EventType "swiss"]
[EventRounds "11"]
[EventCountry "CAN"]

1. e4 c5 2. Nf3 d6 3. d4 cxd4 4. Nxd4 Nf6 5. Nc3 a6 6. Be2 e5 7. Nb3 Be7 8. O-O
O-O 9. Kh1 b6 10. f3 Bb7 11. a4 Nbd7 12. Be3 Qc7 13. Rf2 Rfd8 14. Bf1 Nc5 15.
Rd2 h6 16. Nc1 Bc6 17. b3 Qb7 18. b4 Ne6 19. Nd5 Bxd5 20. exd5 Nc7 21. c4 a5
22. Rb1 axb4 23. Rxb4 Nd7 24. Rdb2 Na6 25. Rb5 Nac5 26. a5 Ra6 27. Nd3 Qc7 28.
Nxc5 dxc5 29. axb6 Rxb6 30. Rxb6 Nxb6 31. Bd3 Bd6 32. g3 Rb8 33. Qd2 Nd7 34.
Ra2 Kf8 35. Bc2 Rb4 36. Qd3 Nf6 37. Bd2 Rb8 38. Qf5 Qd7 39. Qd3 Qc7 40. Ra6 Ke7
41. Qa3 Rb6 42. Ra5 Nd7 43. Bf5 h5 44. Bg5+ f6 45. Bd2 Nf8 46. Bc2 Nd7 47. Ba4
Rb1+ 48. Kg2 Nb6 49. Bb5 Kf8 50. Ra6 Qb7 51. Qa2 Nxc4 52. Bxc4 Rb2 53. Qa5 Qc7
54. Ra8+ Kf7 55. Qxc7+ Bxc7 56. d6+ 1-0

[Event "CAN-ch"]
[Site "Richmond CAN"]
[Date "2002.03.28"]
[Round "8.12"]
[White "Jiganchine, Roman"]
[Black "Sokourinski, Sergei"]
[Result "1-0"]
[WhiteElo "2219"]
[BlackElo "2266"]
[PlyCount "147"]
[EventDate "2002.03.21"]
[EventType "swiss"]
[EventRounds "11"]
[EventCountry "CAN"]

1. e4 c6 2. d4 d5 3. exd5 cxd5 4. c4 Nf6 5. Nc3 Nc6 6. Nf3 Bg4 7. cxd5 Nxd5 8.
Qb3 Bxf3 9. gxf3 e6 10. Qxb7 Nxd4 11. Bb5+ Nxb5 12. Qc6+ Ke7 13. Qxb5 Qd7 14.
Nxd5+ Qxd5 15. Bg5+ f6 16. Qxd5 exd5 17. Be3 Ke6 18. O-O-O Bb4 19. a3 Rhc8+ 20.
Kb1 Bc5 21. Rhe1 Bxe3 22. Rxe3+ Kd6 23. Rde1 Rc4 24. Re7 Rh4 25. R1e6+ Kc5 26.
Rxg7 Rxh2 27. Rxf6 Rxf2 28. Rxh7 Rb8 29. Rc7+ Kd4 30. Rc2 Rxc2 31. Kxc2 Ke3 32.
Re6+ Kxf3 33. b4 Kf4 34. Kc3 Kf5 35. Ra6 Ke4 36. Rxa7 Re8 37. Kb3 Rd8 38. Re7+
Kd3 39. b5 d4 40. a4 Kd2 41. b6 d3 42. Rh7 Ke3 43. Rh1 d2 44. Kb4 d1=Q 45. Rxd1
Rxd1 46. Kc5 Rc1+ 47. Kd5 Rb1 48. a5 Rb5+ 49. Kc6 Rxa5 50. b7 Ra6+ 51. Kc5 Ra5+
52. Kc4 Ra4+ 53. Kc3 Ra3+ 54. Kb2 Rd3 55. b8=Q Rd2+ 56. Kc3 Rd3+ 57. Kc4 Rd4+
58. Kc5 Rd3 59. Qe5+ Kd2 60. Kc4 Rf3 61. Qg5+ Ke2 62. Kd4 Kf2 63. Ke4 Rg3 64.
Qd2+ Kf1 65. Kf4 Rg2 66. Qc1+ Ke2 67. Qc2+ Kf1 68. Qc1+ Kf2 69. Qd1 Rh2 70.
Qd2+ Kg1 71. Qe1+ Kg2 72. Kg4 Rh1 73. Qe2+ Kg1 74. Kg3 1-0

[Event "CAN-ch"]
[Site "Richmond CAN"]
[Date "2002.03.28"]
[Round "8.13"]
[White "Kret, Ted"]
[Black "Divljan, Igor"]
[Result "0-1"]
[WhiteElo "2190"]
[BlackElo "2242"]
[PlyCount "76"]
[EventDate "2002.03.21"]
[EventType "swiss"]
[EventRounds "11"]
[EventCountry "CAN"]

1. d4 Nf6 2. Nf3 e6 3. e3 c5 4. c4 cxd4 5. exd4 Bb4+ 6. Nc3 b6 7. Bd3 Bb7 8.
O-O O-O 9. Bg5 h6 10. Bh4 Bxc3 11. bxc3 d5 12. cxd5 Bxd5 13. Ne5 Bb7 14. Qe2
Qd5 15. f3 Nbd7 16. Nxd7 Qxd7 17. Bxf6 gxf6 18. Qf2 f5 19. Qh4 Kh7 20. Rae1 Rg8
21. Re3 Rg5 22. Rfe1 Rag8 23. g3 b5 24. a4 bxa4 25. c4 a3 26. d5 a2 27. Qd4
R8g7 28. f4 Rg4 29. Qa1 Rxf4 30. Qxa2 exd5 31. Re7 Qc6 32. cxd5 Qc5+ 33. R1e3
Bxd5 34. Qb2 Re4 35. R7xe4 fxe4 36. Bxe4+ Bxe4 37. Qe2 Rg6 38. Qf2 Rf6 0-1

[Event "CAN-ch"]
[Site "Richmond CAN"]
[Date "2002.03.28"]
[Round "8.14"]
[White "Poitras, Luc"]
[Black "Hladek, David"]
[Result "1-0"]
[WhiteElo "2221"]
[BlackElo "2063"]
[PlyCount "57"]
[EventDate "2002.03.21"]
[EventType "swiss"]
[EventRounds "11"]
[EventCountry "CAN"]

1. e4 Nf6 2. e5 Nd5 3. d4 d6 4. Nf3 Bg4 5. Be2 Nc6 6. O-O dxe5 7. Nxe5 Nxe5 8.
dxe5 Bc8 9. c4 Nb6 10. Qxd8+ Kxd8 11. Nc3 c6 12. Ne4 Be6 13. b3 Kc7 14. Ng5 g6
15. Nxe6+ fxe6 16. Bg4 Bg7 17. f4 Rhd8 18. Ba3 Bf8 19. Bxe6 Rd2 20. Rfd1 Rad8
21. Bd6+ R2xd6 22. exd6+ exd6 23. Re1 d5 24. cxd5 Bc5+ 25. Kf1 cxd5 26. Rac1
Kd6 27. Bg4 d4 28. Re6+ Kd5 29. Re5+ 1-0

[Event "CAN-ch"]
[Site "Richmond CAN"]
[Date "2002.03.28"]
[Round "8.15"]
[White "Patterson, Roger"]
[Black "Yousefzadeh, Mehrdad"]
[Result "1-0"]
[WhiteElo "2214"]
[BlackElo "2024"]
[PlyCount "61"]
[EventDate "2002.03.21"]
[EventType "swiss"]
[EventRounds "11"]
[EventCountry "CAN"]

1. e4 Nf6 2. e5 Nd5 3. Nf3 d6 4. d4 Bf5 5. Be2 e6 6. O-O Be7 7. a3 O-O 8. c4
Nb6 9. Nc3 Nc6 10. exd6 cxd6 11. Be3 d5 12. c5 Nd7 13. b4 Bf6 14. Qb3 a6 15.
Rfd1 Qe7 16. Rac1 Rfc8 17. b5 Na5 18. Qb4 axb5 19. Nxb5 b6 20. Nd6 Rc6 21. Bb5
bxc5 22. dxc5 Rc7 23. c6 Ne5 24. Nxe5 Bxe5 25. Nxf5 exf5 26. Qxe7 Rxe7 27. Rxd5
Nb3 28. Rcd1 Bc7 29. Rd7 Kf8 30. Bc4 Na5 31. Bc5 1-0

[Event "CAN-ch"]
[Site "Richmond CAN"]
[Date "2002.03.28"]
[Round "8.16"]
[White "Bogle, Bill"]
[Black "Stanford, Mike"]
[Result "1-0"]
[WhiteElo "2164"]
[BlackElo "2173"]
[PlyCount "75"]
[EventDate "2002.03.21"]
[EventType "swiss"]
[EventRounds "11"]
[EventCountry "CAN"]

1. e4 c5 2. Nf3 e6 3. d4 cxd4 4. Nxd4 Nc6 5. Nc3 Qc7 6. g3 a6 7. Bg2 Nge7 8.
Nb3 b5 9. O-O Ng6 10. f4 Bb7 11. Be3 Rd8 12. Qe2 Be7 13. h4 O-O 14. Qf2 Rde8
15. Rad1 Bc8 16. h5 Nh8 17. e5 f6 18. exf6 gxf6 19. f5 Nf7 20. fxe6 Nfe5 21.
Nd5 Qb8 22. exd7 Bxd7 23. Nxe7+ Nxe7 24. Nc5 Bg4 25. Rd4 Nf5 26. Re4 Nxe3 27.
Rxe3 Bxh5 28. Qf4 Qb6 29. b4 Bg6 30. Be4 a5 31. a3 Kg7 32. Bxg6 hxg6 33. Qe4
Re7 34. Qd4 Rd8 35. Qf4 axb4 36. axb4 Ree8 37. Rfe1 Kf7 38. Rxe5 1-0

[Event "CAN-ch"]
[Site "Richmond CAN"]
[Date "2002.03.28"]
[Round "8.17"]
[White "Mayo, Alvah"]
[Black "Sladek, Vaclav"]
[Result "0-1"]
[WhiteElo "2154"]
[BlackElo "2085"]
[PlyCount "62"]
[EventDate "2002.03.21"]
[EventType "swiss"]
[EventRounds "11"]
[EventCountry "CAN"]

1. e4 c5 2. Nc3 Nc6 3. f4 g6 4. Nf3 Bg7 5. Bb5 Nd4 6. O-O Nxb5 7. Nxb5 a6 8.
Nc3 b5 9. d3 Bb7 10. Qe1 Rc8 11. f5 b4 12. Ne2 d6 13. Qg3 c4 14. Nf4 Qb6+ 15.
Kh1 Be5 16. Qh3 Bg7 17. Nd5 Qa5 18. Nd2 cxd3 19. cxd3 Qd8 20. Nxb4 Nf6 21. Nf3
a5 22. Nd5 Nxd5 23. exd5 Bxd5 24. d4 Qd7 25. Bd2 a4 26. Bh6 Bf6 27. Bg5 Bxg5
28. Nxg5 Rc2 29. Qh6 Rxg2 30. Nf3 Rc2 31. Qg7 Qxf5 0-1

[Event "CAN-ch"]
[Site "Richmond CAN"]
[Date "2002.03.28"]
[Round "8.18"]
[White "Salcedo, Daniel"]
[Black "Leblanc, Paul"]
[Result "0-1"]
[WhiteElo "2158"]
[BlackElo "2085"]
[PlyCount "136"]
[EventDate "2002.03.21"]
[EventType "swiss"]
[EventRounds "11"]
[EventCountry "CAN"]

1. d4 d5 2. c4 c6 3. Nf3 Nf6 4. Nc3 a6 5. cxd5 cxd5 6. Bg5 e6 7. e3 Be7 8. Bd3
Nc6 9. Rc1 Bd7 10. O-O Rc8 11. Bb1 b5 12. a3 b4 13. axb4 Nxb4 14. Ne5 O-O 15.
f4 Ne8 16. Bxe7 Qxe7 17. f5 Nf6 18. Qf3 Rc7 19. Qh3 exf5 20. Nxd7 Nxd7 21. Bxf5
g6 22. Nxd5 Nxd5 23. Rxc7 gxf5 24. Rc6 Nb8 25. Rb6 Nxb6 26. Rxf5 N8d7 27. Qh6
f6 28. Rf3 Rf7 29. Qh5 Rg7 30. Qf5 Nc4 31. Qd5+ Qf7 32. Qb7 Qg6 33. Qc8+ Nf8
34. Qxc4+ Kh8 35. Qf1 Nd7 36. Rg3 Qe4 37. Rf3 Qb7 38. Rf2 Re7 39. Qc1 Re6 40.
Rc2 Nb6 41. Rc3 Qe4 42. Rb3 Nd5 43. Kf2 a5 44. Qc5 Re8 45. Qc6 Rg8 46. g3 Qh1
47. e4 Qxh2+ 48. Ke1 Qh1+ 49. Kd2 Qxe4 50. Qc4 Re8 51. Qf1 Qxd4+ 52. Kc1 Qe4
53. Rd3 Qe1+ 54. Qxe1 Rxe1+ 55. Kd2 Re5 56. Rf3 Kg7 57. Kd3 Kg6 58. Kc4 Ne3+
59. Kb3 Kg5 60. Rf4 Nf5 61. Rc4 Nxg3 62. Kc2 h5 63. b4 axb4 64. Rxb4 h4 65. Rb8
Kg4 66. Rg8+ Rg5 67. Rf8 h3 68. Rxf6 h2 0-1

[Event "CAN-ch"]
[Site "Richmond CAN"]
[Date "2002.03.29"]
[Round "9.5"]
[White "Cummings, David"]
[Black "McLaren, Brian"]
[Result "1-0"]
[WhiteElo "2490"]
[BlackElo "2290"]
[PlyCount "63"]
[EventDate "2002.03.21"]
[EventType "swiss"]
[EventRounds "11"]
[EventCountry "CAN"]

1. Nf3 d6 2. d4 f5 3. c4 Nf6 4. g3 g6 5. b4 Bg7 6. Bb2 c6 7. Bg2 Be6 8. Nbd2
O-O 9. O-O Kh8 10. Qc2 Nbd7 11. Rfe1 Qc7 12. Rac1 Bg8 13. e4 fxe4 14. Nxe4 Nxe4
15. Rxe4 Rae8 16. Rce1 Bf6 17. R4e2 Nb6 18. Nd2 d5 19. c5 Nc4 20. Nf3 b5 21.
Bc1 a5 22. bxa5 Qxa5 23. Bh3 Ra8 24. Bh6 Qa3 25. Qb3 Rfd8 26. Rxe7 Qxa2 27.
Qxa2 Rxa2 28. Ng5 Bxd4 29. Nf7+ Bxf7 30. Rxf7 Raa8 31. Ree7 Re8 32. Rxh7+ 1-0

[Event "CAN-ch"]
[Site "Richmond CAN"]
[Date "2002.03.29"]
[Round "9.6"]
[White "Ross, Dave"]
[Black "Gardner, Robert"]
[Result "1-0"]
[WhiteElo "2397"]
[BlackElo "2268"]
[PlyCount "53"]
[EventDate "2002.03.21"]
[EventType "swiss"]
[EventRounds "11"]
[EventCountry "CAN"]

1. d4 b5 2. e4 Bb7 3. Bxb5 Bxe4 4. Nf3 e6 5. O-O Be7 6. Re1 f5 7. c4 Nf6 8. Nc3
O-O 9. Nxe4 Nxe4 10. Ba4 c5 11. d5 Na6 12. Bc2 Nb4 13. Bb1 exd5 14. a3 Qa5 15.
Bd2 Nxd2 16. Nxd2 Bf6 17. Nb3 Qa4 18. axb4 Qxb4 19. Qxd5+ Kh8 20. Bc2 Bxb2 21.
Rab1 Qc3 22. Re2 Rae8 23. Qxc5 Rg8 24. Qxf5 g6 25. Qd3 a5 26. Nxa5 Qxa5 27.
Rxb2 1-0

[Event "CAN-ch"]
[Site "Richmond CAN"]
[Date "2002.03.29"]
[Round "9.8"]
[White "Herder, David"]
[Black "Huber, Greg"]
[Result "1/2-1/2"]
[WhiteElo "2273"]
[BlackElo "2303"]
[PlyCount "88"]
[EventDate "2002.03.21"]
[EventType "swiss"]
[EventRounds "11"]
[EventCountry "CAN"]

1. d4 c5 2. d5 g6 3. Nf3 Bg7 4. Nc3 d6 5. e4 Nf6 6. Bb5+ Bd7 7. a4 O-O 8. h3
Na6 9. O-O Nc7 10. Bxd7 Nxd7 11. Bg5 h6 12. Be3 a6 13. a5 Rb8 14. Qe2 b5 15.
axb6 Rxb6 16. Na4 Rb8 17. c4 Kh7 18. g4 e6 19. dxe6 fxe6 20. Rad1 Qe7 21. Kg2
Rb4 22. Nc3 Rxf3 23. Kxf3 Ne5+ 24. Kg2 Nxc4 25. Bc1 Nb5 26. Na2 Nxb2 27. Nxb4
Nxd1 28. Nc6 Qc7 29. Qxd1 Qxc6 30. f3 Nd4 31. h4 d5 32. exd5 exd5 33. Re1 Qd6
34. Qd3 c4 35. Qd1 Nc6 36. h5 d4 37. Qc2 Ne5 38. Bf4 d3 39. Bxe5 Qxe5 40. hxg6+
Kxg6 41. Qxc4 Qxe1 42. Qxa6+ Kg5 43. Qxd3 Qe5 44. Qf5+ Qxf5 1/2-1/2

[Event "CAN-ch"]
[Site "Richmond CAN"]
[Date "2002.03.29"]
[Round "9.9"]
[White "Berry, Jonathan"]
[Black "Poitras, Luc"]
[Result "1-0"]
[WhiteElo "2379"]
[BlackElo "2221"]
[PlyCount "117"]
[EventDate "2002.03.21"]
[EventType "swiss"]
[EventRounds "11"]
[EventCountry "CAN"]

1. Nf3 Nf6 2. g3 g6 3. c4 Bg7 4. Bg2 O-O 5. O-O d5 6. cxd5 Nxd5 7. d4 Nc6 8.
Nc3 Nb6 9. e3 e5 10. d5 e4 11. dxc6 Qxd1 12. Rxd1 exf3 13. Bxf3 bxc6 14. Bxc6
Rb8 15. a4 Nc4 16. Bb5 Nxb2 17. Bxb2 a6 18. Ba3 Bxc3 19. Bxf8 Bg4 20. Bxa6 Kxf8
21. Bb5 Ke7 22. Rac1 Bxd1 23. Rxc3 Rb7 24. e4 Bg4 25. Kg2 Bd7 26. Bxd7 Kxd7 27.
Kf3 Rb4 28. Ra3 c5 29. a5 Rb7 30. a6 Ra7 31. Ke3 Kc6 32. Kd3 Kb5 33. f4 Kb4 34.
Ra1 Rd7+ 35. Kc2 Ra7 36. e5 h5 37. Rb1+ Kc4 38. Rb6 Kd4 39. Rd6+ Kc4 40. Rb6
Kd4 41. Kb3 c4+ 42. Kb4 c3 43. Rd6+ Ke4 44. Kxc3 h4 45. Kb4 hxg3 46. hxg3 g5
47. Rf6 g4 48. Kb5 Kf3 49. Kb6 Ra8 50. Kb7 Rh8 51. a7 Kxg3 52. a8=Q Rh4 53.
Qa3+ Kh2 54. Qb2+ Kh3 55. Rxf7 g3 56. e6 g2 57. Qf2 Rh8 58. Rg7 g1=Q 59. Qxg1
1-0

[Event "CAN-ch"]
[Site "Richmond CAN"]
[Date "2002.03.29"]
[Round "9.10"]
[White "Divljan, Igor"]
[Black "Wu, Howard"]
[Result "0-1"]
[WhiteElo "2242"]
[BlackElo "2230"]
[PlyCount "64"]
[EventDate "2002.03.21"]
[EventType "swiss"]
[EventRounds "11"]
[EventCountry "CAN"]

1. d4 Nf6 2. c4 c5 3. d5 b5 4. cxb5 a6 5. b6 g6 6. Nc3 Qxb6 7. a4 d6 8. a5 Qb7
9. e4 Bg7 10. Bc4 O-O 11. Nge2 Bd7 12. O-O Bb5 13. Qb3 Nbd7 14. Nxb5 axb5 15.
Qxb5 Qc7 16. Nc3 Ne5 17. f4 Nxc4 18. Qxc4 Rxa5 19. Rxa5 Qxa5 20. e5 Nd7 21. e6
fxe6 22. Qe4 e5 23. Qe2 Qb4 24. fxe5 Rxf1+ 25. Kxf1 Nxe5 26. Bg5 Kf7 27. Kg1
Qd4+ 28. Kh1 Qd3 29. Qe1 Qf5 30. Bh4 g5 31. Bg3 Nd3 32. Qb1 Bxc3 0-1

[Event "CAN-ch"]
[Site "Richmond CAN"]
[Date "2002.03.29"]
[Round "9.11"]
[White "Zubac, Marius"]
[Black "Jiganchine, Roman"]
[Result "1-0"]
[WhiteElo "2231"]
[BlackElo "2219"]
[PlyCount "127"]
[EventDate "2002.03.21"]
[EventType "swiss"]
[EventRounds "11"]
[EventCountry "CAN"]

1. d4 d5 2. c4 dxc4 3. e3 Nf6 4. Bxc4 e6 5. Nf3 c5 6. O-O a6 7. Bb3 Be7 8. Nc3
Nc6 9. a3 O-O 10. Re1 Qc7 11. d5 exd5 12. Nxd5 Nxd5 13. Bxd5 Bg4 14. Bd2 Rad8
15. Bc3 Nd4 16. e4 Nxf3+ 17. gxf3 Bh3 18. Kh1 Qf4 19. Rg1 g6 20. Bd2 Qh4 21.
Qe1 Bc8 22. Rd1 Qh5 23. Qe3 Bd6 24. f4 Bg4 25. Rxg4 Qxg4 26. Rg1 Qh4 27. Qf3
Bc7 28. Bc3 Rxd5 29. exd5 Bd6 30. Be5 Rd8 31. Re1 Qe7 32. Bc3 Qd7 33. Bf6 Re8
34. Re5 Qb5 35. Kg2 c4 36. Qe4 Rc8 37. h4 Qd7 38. Rg5 Re8 39. Qxc4 h6 40. Rg3
Qf5 41. Be5 Bxe5 42. fxe5 Rxe5 43. Rf3 Qd7 44. Rd3 b5 45. Qd4 Qd6 46. Kf1 Re8
47. b4 Qh2 48. Re3 Rxe3 49. fxe3 Qh1+ 50. Ke2 Qg2+ 51. Kd3 Qf1+ 52. Kc2 Qe2+
53. Kb3 Qe1 54. Qd3 Qxh4 55. d6 Qd8 56. d7 h5 57. e4 h4 58. e5 h3 59. Qxh3 Kf8
60. Qd3 g5 61. Qd6+ Kg8 62. Qd4 Kf8 63. Qc5+ Kg7 64. Qc8 1-0